Normal view MARC view

Entry Personal Name

Number of records used in: 1

001 - CONTROL NUMBER

  • control field: 32107

003 - CONTROL NUMBER IDENTIFIER

  • control field: dpl

005 - DATE AND TIME OF LATEST TRANSACTION

  • control field: 20110809152849.0

008 - FIXED-LENGTH DATA ELEMENTS

  • fixed length control field: 110809|||a|||||| | ||| d

040 ## - CATALOGING SOURCE

  • Original cataloging agency: dpl
  • Transcribing agency: dpl

100 ## - HEADING--PERSONAL NAME

  • Personal name: Jha, J.K.

670 ## - SOURCE DATA FOUND

  • Source citation: Work cat.: (dpl)55108: Jha, J.K., Status of gorl child in India /, 2002.

670 ## - SOURCE DATA FOUND

  • Source citation: Work cat.: (dpl)55108: Jha, J.K., Status of gorl child in India /, 2002.

© Delhi Public Library
Hit Counter
free hit counter